Online
Catalog

Encendiendo la chispa para dar el 300% / (Record no. 38247)

MARC details
000 -CABECERA
campo de control de longitud fija 00539nam a2200169 a 4500
001 - NÚMERO DE CONTROL
campo de control 000038757
005 - FECHA Y HORA DE LA ÚLTIMA TRANSACCIÓN
campo de control 20201002031348.0
008 - DATOS DE LONGITUD FIJA--INFORMACIÓN GENERAL
campo de control de longitud fija 130419s2007 pr a 000 0 spa d
020 ## - NÚMERO INTERNACIONAL ESTÁNDAR DEL LIBRO
Número Internacional Estándar del Libro 0979359201
040 ## - FUENTE DE LA CATALOGACIÓN
Centro catalogador/agencia de origen DO-SdBNP
Lengua de catalogación spa
Centro/agencia transcriptor BNPHU
100 1# - ENTRADA PRINCIPAL--NOMBRE DE PERSONA
Nombre de persona Báez Medero, Vicente
9 (RLIN) 65055
245 10 - MENCIÓN DE TÍTULO
Título Encendiendo la chispa para dar el 300% /
Mención de responsabilidad, etc. Vicente Báez Medero ; prólogo Roque Díaz Tizol.
250 ## - MENCIÓN DE EDICIÓN
Mención de edición 2a ed.
260 ## - PUBLICACIÓN, DISTRIBUCIÓN, ETC.
Lugar de publicación, distribución, etc. Puerto Rico :
Nombre del editor, distribuidor, etc. Cacique,
Fecha de publicación, distribución, etc. 2007.
300 ## - DESCRIPCIÓN FÍSICA
Extensión 126 p. :
Otras características físicas ils, ;
Dimensiones 24 cm.
700 1# - PUNTO DE ACCESO ADICIONAL--NOMBRE DE PERSONA
Nombre de persona Díaz Tizol, Roque,
Término indicativo de función/relación pról.
9 (RLIN) 65056
Holdings
Estado de retiro Estado de pérdida Restricciones de uso No para préstamo Código de colección Localización permanente Ubicación/localización actual Ubicación en estantería Fecha de adquisición Número de inventario Total de préstamos Signatura topográfica completa Código de barras Fecha visto por última vez Precio válido a partir de Tipo de ítem Koha
      Excluido de préstamo Monografías: Libros y Folletos General General En catalogación 19.04.2013 LF1   38757-10 25.06.2020 25.06.2020 No se presta

Powered by Koha